Lincoln, Nebraska Streets - Statistics

General Stats
  • This quiz has been taken 11 times
  • The average score is 47 of 2883
Answer Stats
Street % Correct
A
100%
B
100%
D
100%
E
100%
H
100%
K
100%
L
100%
N
100%
S
100%
T
100%
U
100%
W
100%
X
100%
Y
100%
C
88%
G
88%
J
88%
M
88%
P
88%
R
88%
F
75%
South
50%
1st
38%
Lake
38%
Pioneer
38%
Randolph
38%
Van Dorn
38%
Vine
38%
W A
38%
Yankee Hill
38%
2nd
25%
3rd
25%
4th
25%
6th
25%
7th
25%
8th
25%
9th
25%
Antelope
25%
Garfield
25%
High
25%
Hill
25%
Jackson
25%
Jefferson
25%
Nw 6th
25%
Old Cheney
25%
Pine
25%
Pine Lake
25%
S 10th
25%
Washington
25%
W O
25%
Allen
13%
Apple
13%
Arapahoe
13%
Austin
13%
Belmont
13%
Bryson
13%
Burr
13%
Capitol
13%
Dakota
13%
Dan
13%
Dennis
13%
Derby
13%
Homestead
13%
John
13%
Johnson
13%
Kearney
13%
King
13%
Lee
13%
Line
13%
Madison
13%
Monroe
13%
Myrtle
13%
N 10th
13%
N 11th
13%
N 33rd
13%
N 48th
13%
N 56th
13%
N 66th
13%
N 7th
13%
N 84th
13%
N 9th
13%
Newton
13%
Normal
13%
Nw 1st
13%
Nw 2nd
13%
Nw 33rd
13%
Nw 3rd
13%
Nw 4th
13%
Nw 5th
13%
Otoe
13%
Pawnee
13%
Pioneers
13%
Reno
13%
River
13%
S 11th
13%
S 14th
13%
S 15th
13%
S 16th
13%
S 27th
13%
S 33rd
13%
S 40th
13%
S 48th
13%
S 56th
13%
S 66th
13%
S 84th
13%
Saltillo
13%
Sandalwood
13%
Sawyer
13%
Shadow
13%
Sheffield
13%
Sheridan
13%
Sherman
13%
Sherwood
13%
Sioux
13%
Smith
13%
Superior
13%
Teakwood
13%
Vale
13%
W E
13%
Wedgewood
13%
W Irving
13%
Woods
13%
W S
13%
140th
0%
32nd
0%
34th
0%
36th
0%
39th
0%
3 Pines
0%
550
0%
60th
0%
72nd
0%
73rd
0%
81st
0%
82nd
0%
Aaron
0%
Abbey
0%
Abbott
0%
Aberdeen
0%
Abigail
0%
able
0%
acy
0%
Addison
0%
adium
0%
Agate
0%
Agatha
0%
Air Park
0%
Airport
0%
ake
0%
Alamosa
0%
Alana
0%
Alden
0%
Aldrich
0%
Alexander
0%
Ali
0%
Alicia
0%
Allegrini
0%
Allendale
0%
Alles
0%
allion
0%
Almira
0%
Alpha
0%
Amanda
0%
Amber Hill
0%
Amelia
0%
Amhurst
0%
Ammon
0%
Anaheim
0%
Andermatt
0%
Anderson
0%
Andre
0%
Andrea
0%
Andrew
0%
Andrews
0%
Angeline
0%
Anna
0%
Annette
0%
Anns
0%
antation
0%
Antelope Creek
0%
Anthony
0%
Antler
0%
anton
0%
Apache Trail
0%
Apple Hill
0%
Applewood
0%
Arctic
0%
Argyll
0%
Aries
0%
Arlene
0%
arling
0%
Arlington
0%
arr
0%
Arrowhead
0%
Arrow Ridge
0%
Arrow Wood
0%
arview
0%
Ascot
0%
Ashbrook
0%
Ash Hollow
0%
Ashlee
0%
Aspen
0%
Aspen Canyon
0%
Aster
0%
ate Fair Park
0%
ate Spur 55a
0%
Atlas
0%
atte
0%
Atwood
0%
Aubree
0%
Augusta
0%
Avalon
0%
Aviation
0%
awbridge
0%
Aylesworth
0%
aza
0%
Azalea
0%
Aztec
0%
Badger
0%
Bair
0%
Baldwin
0%
Ballard
0%
Bancroft
0%
Barbara
0%
Barjona
0%
Barkley
0%
Barkwood
0%
Barons
0%
Barrington
0%
Barrington Park
0%
Barrow
0%
Bartholomew
0%
Basswood
0%
Baxter
0%
Bay
0%
Bayberry
0%
Beacon Hill
0%
Bear Creek
0%
Beatrice
0%
Beaumont
0%
Beaver Creek
0%
Beaver Hollow
0%
Bedford
0%
Bedloe
0%
Beechcraft
0%
Beechwood
0%
Belford
0%
Bellagio
0%
Bellhaven
0%
Bellville
0%
Bel Ridge
0%
Benjamin
0%
Bentley
0%
Benton
0%
Benziger
0%
Berg
0%
Berggren
0%
Berkeley
0%
Berkshire
0%
Berlene
0%
Bernese
0%
Berrywood
0%
Bessie
0%
Bethany Park
0%
Betty Lou
0%
Big Horn
0%
Big Tree
0%
Billings
0%
Bilmar
0%
Bingham
0%
Birch Creek
0%
Birch Hollow
0%
Birchwood
0%
Birmingham
0%
Bishop
0%
Bison
0%
Bizpark
0%
Blackberry
0%
Blackbird
0%
Black Forest
0%
Blackhawk
0%
Blackpool
0%
Blacksmith
0%
Blackstone
0%
Black Water Bay
0%
Blackwood
0%
Blaine
0%
Blanca
0%
Blanchard
0%
Blueberry
0%
Blue Bird
0%
Blue Flame
0%
Blue Heron
0%
Blue Ridge
0%
Blue Sage
0%
Blue Sky
0%
Blue Water
0%
Blue Water Bay
0%
Boathouse
0%
Bobcat
0%
Boboli
0%
Bo Creek
0%
Bo Creek Bay
0%
Bodie
0%
Boeckner
0%
Bolton
0%
Bonacum
0%
Boone Trail
0%
Booth
0%
Bordeaux
0%
Boston
0%
Boulder
0%
Boulder Ridge
0%
Bowman
0%
Boxelder
0%
Bradfield
0%
Bradley
0%
Bradock
0%
Braemer
0%
Branched Oak
0%
Brandywine
0%
Branford
0%
Braumfield
0%
Breagan
0%
Breckenridge
0%
Brennen View
0%
Brent
0%
Brentwood
0%
Bretigne
0%
Briarhurst
0%
Briarpark
0%
Briar Patch
0%
Briar Rosa
0%
Briarwood
0%
Bridger
0%
Bridle
0%
Brighton
0%
Bristol
0%
Brittany
0%
Broadmoore
0%
Broadview
0%
Broken Spoke
0%
Brome
0%
Brookfield
0%
Brookhaven
0%
Brookridge
0%
Brookside
0%
Brookview
0%
Brower
0%
Brown
0%
Browning
0%
Bruce
0%
Brummond
0%
Brunswick
0%
Brushwood
0%
Bryan
0%
Buckboard
0%
Buckingham
0%
Bucks
0%
Buffalo
0%
Buffalo Creek
0%
Bunker Hill
0%
Burlington
0%
Burnham
0%
Burt
0%
Burton
0%
Bushclover
0%
Butler
0%
Cable
0%
Cactus
0%
California
0%
Calumet
0%
Calvert
0%
Cambrian
0%
Cambridge
0%
Camden
0%
Camelot
0%
Cameron
0%
Campbell
0%
Campfire
0%
Candletree
0%
Candlewood
0%
Cannondale
0%
Canterbury
0%
Canyon
0%
Cape Charles
0%
Cape Charles E
0%
Cape Charles W
0%
Capitola
0%
Capitol Beach
0%
Cardinal
0%
Cardwell
0%
Carger
0%
Carlisle
0%
Carlos
0%
Carlsbad
0%
Carmen
0%
Carnelian
0%
Carol
0%
Carolyn
0%
Carriage
0%
Carriage Hill
0%
Carson
0%
Casa Grande
0%
Cascade
0%
Casey
0%
Castle
0%
Cather
0%
Cattail
0%
Cavvy
0%
Caymus
0%
Cedar
0%
Cedar Creek
0%
Cedar Crest
0%
Cedarwood
0%
Centennial Mall N
0%
Centennial Mall S
0%
Center
0%
Centerpark
0%
Central Park
0%
Centurion
0%
Cessna
0%
Chadd
0%
Chadderton
0%
Chalk Hill
0%
Champlain
0%
Chancery
0%
Chandler
0%
Chandon
0%
Channel
0%
Chanticleer
0%
Chaparral
0%
Chapel Hills
0%
Chapin
0%
Charleston
0%
Chartwell
0%
Chateau
0%
Chatsworth
0%
Chaucer
0%
Chautauqua
0%
Chelsea
0%
Cheney Ridge
0%
Cherokee
0%
Cherry Hill
0%
Cherry Hills
0%
Cherrywood
0%
Cheshire N
0%
Cheshire S
0%
Chester
0%
Chesterfield
0%
Chestnut
0%
Cheyenne
0%
Chicago
0%
Chileno
0%
Chisholm
0%
Chiswick
0%
Chloe
0%
Christensen
0%
Christina
0%
Christopher
0%
Chrystal Water
0%
Cindy
0%
City View
0%
Claire
0%
Claremont
0%
Clayton
0%
cle
0%
Clear Creek
0%
Clearview
0%
Clear Water Bay
0%
Clement
0%
Cleveland
0%
Clifford
0%
Clinton
0%
Cloudburst
0%
Clover
0%
Coachmans
0%
Cobblestone
0%
Cody
0%
Colby
0%
Cold Spring
0%
Cold Water Bay
0%
Cole
0%
Colfax
0%
College Park
0%
Collister
0%
Colonial
0%
Colony
0%
Colorado
0%
Colt
0%
Comoy
0%
Concord
0%
Coneflower
0%
Conestoga
0%
Connie
0%
Connor
0%
Consentino
0%
Constable
0%
Constitution
0%
Cooper
0%
Coral
0%
Cornell
0%
Cornflower
0%
Cornhusker Hwy
0%
Coronado
0%
Corporate
0%
Cotswold
0%
Cottontail
0%
Cottonwood
0%
Coulier
0%
Country
0%
Country Club
0%
Country Hill
0%
Countryside
0%
Countryview
0%
County Down
0%
County Line
0%
County Road 1225
0%
County Road 140
0%
County Road B
0%
County Road X
0%
County Road Y
0%
Court
0%
Courtney
0%
Coventry
0%
Covey
0%
Coyote
0%
Creekside Trail
0%
Creek View
0%
Crestdale
0%
Cresthaven
0%
Crestline
0%
Crestridge
0%
Crestview
0%
Cripple Creek
0%
Cromwell
0%
Crooked Creek
0%
Crossbridge
0%
Cross Creek
0%
Crosscut
0%
Crossing
0%
Crosslake
0%
Crown Pointe
0%
Crystal Water Bay
0%
Culbera
0%
Cullen
0%
Culpepper
0%
Culwells
0%
Cumberland
0%
Cuming
0%
Curtis
0%
Cushman
0%
Custer
0%
Cuthills
0%
Cypress Point
0%
Dahlberg
0%
Dale
0%
Danbury
0%
Daniel
0%
Danville
0%
Daphne
0%
Dargent
0%
Darlington
0%
Darren
0%
Davenport
0%
David
0%
David Murdock Trail
0%
Davies
0%
Dawes
0%
Dawn
0%
Dawson Creek
0%
Dawson Creek Bay
0%
Daybreak
0%
Daystar
0%
Deauville
0%
Deer Creek
0%
Deerhaven
0%
Deer Valley
0%
Deerwood
0%
Delhay
0%
Delphinium
0%
Del Rio
0%
Denby
0%
Densmore
0%
Denver
0%
Desert
0%
Devoe
0%
Devonshire
0%
Deweese
0%
Diablo
0%
Diadem
0%
Diana
0%
Dickens
0%
Dill
0%
Disbrow
0%
Discovery
0%
Ditmars
0%
Dixie Trail
0%
Doane
0%
Dobbins
0%
Dobsons
0%
Docwood
0%
Dodge
0%
Doe
0%
Doe Creek
0%
Dogwood
0%
Donald
0%
Donnie
0%
Doral
0%
Dorchester
0%
Doris Bair
0%
Dorothy
0%
Dorset
0%
Dotson
0%
Double Tree
0%
Dougan
0%
Douglas
0%
Dove
0%
Dover
0%
Duane
0%
Dublin
0%
Dudley
0%
Dundee
0%
Dunes
0%
Dunn
0%
Dunrovin
0%
Durado
0%
Durango
0%
Durham
0%
Duxhall
0%
Eagle
0%
Eagle Crest
0%
Eagle Ridge
0%
Eagleton
0%
Earl
0%
easantview
0%
Eastborough
0%
Eastgate
0%
Easton
0%
Eastpark
0%
Eastridge
0%
Eastview
0%
Eastwood
0%
E Avon
0%
E Bermuda
0%
E Campus Loop
0%
E Cherrywood
0%
Echo
0%
E Colfax
0%
Eden
0%
Edenton
0%
Edgewater
0%
Edgewood
0%
Edison
0%
Edward
0%
Edwin
0%
E Eden
0%
E Eldora
0%
eele
0%
Egan
0%
E Hillcrest
0%
Eiger
0%
einway
0%
El Avado
0%
Elba
0%
Elbert
0%
Eldon
0%
Eldora
0%
Elizabeth
0%
Elk
0%
Elk Creek
0%
Elkcrest
0%
Elk Ridge
0%
Ellendale
0%
Ellenridge
0%
Elmwood
0%
El Paso
0%
E Manor
0%
Emerald
0%
Emily
0%
Emmawalter
0%
Englewood
0%
English
0%
English Park
0%
Enterprise
0%
E Pershing
0%
ephanie
0%
ephanos
0%
E Pointe
0%
Equestrian
0%
Eric
0%
Erica
0%
Erin
0%
erling
0%
Ernest
0%
Ervin
0%
E Sanborn
0%
E Shore
0%
Essex
0%
E Summit
0%
etson
0%
Euclid
0%
Eureka
0%
Evans
0%
evens Ridge
0%
Everett
0%
Evergreen
0%
ew
0%
ewart
0%
Exbury
0%
Executive Woods
0%
Ezekiel
0%
Fair
0%
Fairacre
0%
Fairdale
0%
Fairfax
0%
Fairfield
0%
Fairview
0%
Falcon
0%
Fallbrook
0%
Fall Creek
0%
Farmstead
0%
Far Side
0%
Faulkner
0%
Fawn
0%
Ferndale
0%
Fernhill
0%
Fieldcrest
0%
Fiene
0%
Finigan
0%
Firebush
0%
Fireplace
0%
Firethorn
0%
Fir Hollow
0%
Flagstone
0%
Flat Iron
0%
Flat Water
0%
Fleetwood
0%
Flint Ridge
0%
Folkways
0%
Folsom
0%
Folsom Bypass
0%
Fontaine
0%
Fontenelle
0%
Forbes
0%
Fords Forest
0%
Forest
0%
Forest Glen
0%
Forest Lake
0%
Forestview
0%
Fossil Creek
0%
Foxcroft
0%
Foxen
0%
Foxglove
0%
Fox Hollow
0%
Foxtail
0%
Framton
0%
Fran
0%
Frances
0%
Francis
0%
Franciscan
0%
Franklin
0%
Frederick
0%
Fremont
0%
Frisco
0%
Frontier
0%
Frost
0%
Fulton
0%
Furnas
0%
Gabrielle
0%
Gailyn
0%
Gallinas
0%
Galloway
0%
Garber
0%
Garden
0%
Garden Valley
0%
Garland
0%
Garret
0%
Garrett
0%
Gary
0%
Gaslight
0%
Gateway Mall
0%
Gene
0%
Georgian
0%
Gertie
0%
Gettysburg
0%
Giebenrath
0%
Gillan
0%
Gillespie
0%
Ginny
0%
Glacier Trail
0%
Glade
0%
Gladstone
0%
Glass Ridge
0%
Glenarbor
0%
Glendale
0%
Gleneagle
0%
Glenhaven
0%
Glenridge
0%
Glenview
0%
Glenwood
0%
Glynn
0%
Glynoaks
0%
Goldenrod
0%
Golden Tree Terrace
0%
Goodhue
0%
Gordon
0%
Gott
0%
Grace
0%
Grainger
0%
Granada
0%
Grand Oaks
0%
Grandview
0%
Grassridge
0%
Grays Peak
0%
Great Falls
0%
Green Acres
0%
Greenbriar
0%
Greenlief - Lincoln Airport (lnk)
0%
Greenspire
0%
Greenwood
0%
Gregory
0%
Greycliff
0%
Griffith
0%
Grimsby
0%
Grouse
0%
Groveland
0%
Guenevere
0%
Gunners
0%
Gunners Run
0%
Gunnison
0%
Gunsmoke
0%
Half Moon Bay
0%
Hallcliffe
0%
Hallmark
0%
Hallshire
0%
Halsey
0%
Hammon Meadows
0%
Hanna Point
0%
Hanneman
0%
Hanover
0%
Hanson
0%
Happy Hollow
0%
Harding
0%
Harmony
0%
Harold
0%
Harrison
0%
Hartland
0%
Hartley
0%
Hartman
0%
Harwood
0%
Haswell
0%
Haverford
0%
Hawkfly
0%
Hawkins Bend
0%
Hawthorne
0%
Hays
0%
Hazel Scott
0%
Hazelwood
0%
Heather
0%
Hedge Apple
0%
Heide
0%
Helen Witt
0%
Hendricks
0%
Henkel
0%
Henry
0%
Herel
0%
Heritage Lakes
0%
Heritage Pines
0%
Heumann
0%
Hickory
0%
Hickory Crest
0%
Hidcote
0%
Hidden Pines
0%
Hidden Valley
0%
High ains
0%
Highland
0%
Hillsdale
0%
Hillside
0%
Hill Top
0%
Hilltop
0%
Hitchcock
0%
Hitching Post
0%
H J B
0%
Hjb
0%
Holland
0%
Hollow Tree
0%
Holltorf
0%
Holly
0%
Hollyhock
0%
Hollynn
0%
Hollywood
0%
Holmes
0%
Holmes North Shore
0%
Holmes Park
0%
Homeland
0%
Homestead Expy
0%
Hook
0%
Horizon
0%
Horseshoe
0%
Hoy
0%
Huddersfield
0%
Hudson
0%
Huff
0%
Humann
0%
Humphrey
0%
Hunters Ridge
0%
Huntington
0%
Hunts
0%
Husker
0%
Hwy 44
0%
Hwy 70
0%
Hyde Park
0%
Idylwild
0%
iftwood
0%
illwater
0%
Imperial
0%
Independence
0%
Indian
0%
Indian Hills
0%
Indigo
0%
Industrial
0%
Infinity
0%
Innovation
0%
Interstate 180
0%
Interstate 80
0%
Inverness
0%
Iris
0%
Irish Pointe
0%
Iron Gate
0%
Irving
0%
Isaac
0%
ive 735
0%
ive 737
0%
Ivy
0%
Jack Pine
0%
Jacobs
0%
Jacobs Creek
0%
Jacquelyn
0%
Jade
0%
James
0%
Jameson
0%
Jameson N
0%
Jameson S
0%
Jamestown
0%
Jamie
0%
Jane
0%
Janice
0%
Janssen
0%
Jasmine
0%
Jason
0%
Jasper
0%
Jeffery
0%
Jenna
0%
Jennifer
0%
Jersey
0%
Jessie
0%
Joehank
0%
Johanna
0%
Jonna
0%
Joshua
0%
Joy
0%
Joyce
0%
Judith
0%
Judson
0%
Julesburg
0%
Kajan
0%
Kara
0%
Karen
0%
Karl
0%
Karlee
0%
Karl Ridge
0%
Katelyn
0%
Kathy
0%
Katrina
0%
Katy
0%
Keith
0%
Kendall
0%
Kendra
0%
Kennedy
0%
Kennelley
0%
Kensington
0%
Kent
0%
Kentwell
0%
Kenwood
0%
Kess
0%
Kessler
0%
Keystone
0%
Kim
0%
Kimarra
0%
Kimberly
0%
Kimco
0%
King Arthur
0%
King Bird
0%
Kings
0%
Kings Hwy
0%
Kingston
0%
Kingsway
0%
Kingswood
0%
Kipling
0%
Kirkwood
0%
Kleckner
0%
K-mart
0%
Knoll View
0%
Knox
0%
Koi Rock
0%
Kucera
0%
La ata
0%
La Brea
0%
Lacroix
0%
Lafayette
0%
Lakeshore
0%
Lakeside
0%
Lakeview
0%
Lakewood
0%
Lambert
0%
Lammle
0%
Lamont
0%
Lamplighter
0%
Lancashire
0%
Lancaster
0%
Lancelot
0%
Landmark
0%
Landsberry
0%
Laramie
0%
Laramie Trail
0%
Larchdale
0%
Laredo
0%
Larges
0%
Larkspur
0%
Larkwood
0%
Laroche
0%
Larry
0%
Larson
0%
La Salle
0%
Last
0%
Latham
0%
Laura
0%
Laura Lynn
0%
Laurel
0%
Lauren Marie
0%
Laurent
0%
Lavender
0%
Lawnsdale
0%
Lawson
0%
Laytonjohn
0%
Lea Rae
0%
Leavitt
0%
Leesburg
0%
Le Gros
0%
Leichester
0%
Lenox
0%
Leo
0%
Leonard
0%
Lester
0%
Lewis
0%
Lexington
0%
Liana
0%
Liberty
0%
Liberty Bell
0%
Libra
0%
Lidco
0%
Lilac
0%
Lillibridge
0%
Limestone
0%
Limestone N
0%
Lincoln Mall
0%
Lincolnshire
0%
Linden
0%
Lindsey
0%
Links
0%
Livingston
0%
Lizzie
0%
Lockwood
0%
Locust
0%
Logan
0%
Loma
0%
London
0%
Londonshire
0%
Lone Tree
0%
Lonewood
0%
Longhorn
0%
Longview
0%
Lori
0%
Loveland
0%
Lowell
0%
Lucile
0%
Lucys
0%
Lynchburg
0%
Lyncrest
0%
Lynn
0%
Lynnridge
0%
Mackenzie
0%
Madalyn
0%
Maddie
0%
Magnum
0%
Mahoney
0%
Main
0%
Malcolm
0%
Manassas
0%
Manatt
0%
Manchester
0%
Mandarin
0%
Manes
0%
Manitou
0%
Manor
0%
Manse
0%
Maple Village
0%
Maplewood
0%
Marcel
0%
Marcia
0%
Marcus
0%
Margo
0%
Marie
0%
Marigold
0%
Marilynn
0%
Marina Bay
0%
Marion
0%
Mark
0%
Markhorn
0%
Marlborough
0%
Marlene
0%
Marmot Point
0%
Marshall
0%
Martin
0%
Mary
0%
Mary's
0%
Mason
0%
Mathew
0%
Matthew
0%
Mayflower
0%
Maze
0%
Mcbride
0%
Mc Cormick
0%
Mccormick
0%
Mcgee
0%
Mckelvie
0%
Mckinty
0%
Mclaughlin
0%
Meadow
0%
Meadowbrook
0%
Meadow Dale
0%
Meadow Lark
0%
Medicine Hat
0%
Medinah
0%
Meeker
0%
Melrose
0%
Memorial
0%
Menard
0%
Meredeth
0%
Meridian
0%
Merion
0%
Merrill
0%
Merritt
0%
Merryvale
0%
Mesa
0%
Mesaverde
0%
Mescal
0%
Mesquite
0%
Meursault
0%
Michael
0%
Michaels
0%
Michelle
0%
Mickaela
0%
Micron
0%
Middle Creek
0%
Middleton
0%
Milan
0%
Military
0%
Milkweed
0%
Mill
0%
Mindoro
0%
Minter
0%
Minuteman
0%
Miranda
0%
Mirwyn
0%
Mission
0%
Misty Blue
0%
Mockingbird
0%
Mockingbird N
0%
Mohave
0%
Mohawk
0%
Monarch
0%
Montclair
0%
Montello
0%
Monterey
0%
Monticello
0%
Montini
0%
Moor
0%
Mopac Trail
0%
Moraine
0%
Moreland
0%
Morgan
0%
Mormon Trail
0%
Morning Glory
0%
Morningside
0%
Morrill
0%
Morrow
0%
Mortensen
0%
Morton
0%
Mulberry
0%
Mulder
0%
Music
0%
N 100th
0%
N 102nd
0%
N 129th
0%
N 12th
0%
N 131st
0%
N 13th
0%
N 148th
0%
N 149th
0%
N 14th
0%
N 155th
0%
N 15th
0%
N 16th
0%
N 179th
0%
N 17th
0%
N 181st
0%
N 182nd
0%
N 18th
0%
N 19th
0%
N 20th
0%
N 21st
0%
N 22nd
0%
N 23rd
0%
N 24th
0%
N 25th
0%
N 26th
0%
N 28th
0%
N 29th
0%
N 2nd
0%
N 30th
0%
N 31st
0%
N 32nd
0%
N 34th
0%
N 35th
0%
N 36th
0%
N 37th
0%
N 38th
0%
N 39th
0%
N 3rd
0%
N 41st
0%
N 42nd
0%
N 43rd
0%
N 44th
0%
N 45th
0%
N 46th
0%
N 47th
0%
N 49th
0%
N 4th
0%
N 50th
0%
N 51st
0%
N 52nd
0%
N 53rd
0%
N 54th
0%
N 55th
0%
N 57th
0%
N 58th
0%
N 59th
0%
N 5th
0%
N 60th
0%
N 61st
0%
N 62nd
0%
N 63rd
0%
N 64th
0%
N 65th
0%
N 67th
0%
N 68th
0%
N 69th
0%
N 6th
0%
N 70th
0%
N 71st
0%
N 72nd
0%
N 73rd
0%
N 74th
0%
N 75th
0%
N 76th
0%
N 77th
0%
N 78th
0%
N 79th
0%
N 80th
0%
N 81st
0%
N 82nd
0%
N 83rd
0%
N 85th
0%
N 86th
0%
N 87th
0%
N 88th
0%
N 89th
0%
N 8th
0%
N 90th
0%
N 91st
0%
N 92nd
0%
Nance
0%
Nancy
0%
N Antelope Valley
0%
Napa Ridge
0%
Naples
0%
Nashway
0%
Navajo Trail
0%
N Bell
0%
N Chester
0%
N Coddington
0%
N Cotner
0%
N eamboat
0%
Nebraska Hwy
0%
N Eden
0%
Neerpark
0%
Nelson
0%
Nemaha
0%
Neumann
0%
Neville
0%
New Castle
0%
New Hampshire
0%
Newport
0%
N Gate
0%
N Grand Lake
0%
N Hampton
0%
N Hazelwood
0%
N Hill
0%
Nick
0%
Nighthawk
0%
N Lakeshore
0%
N Lewis
0%
N Linwood
0%
N Main
0%
N Miller
0%
Nob Hill
0%
Noddle
0%
Nogalas
0%
Nolan
0%
Norfolk
0%
Norman
0%
Normandy
0%
Norris
0%
Northborough
0%
Northern Lights
0%
Northfolk
0%
Northfork
0%
Northline
0%
Northlund
0%
Northridge
0%
Northview
0%
Northville
0%
Northwoods
0%
Norval
0%
Norwood
0%
Nottingham
0%
N Park
0%
N Railway
0%
N Roundhouse
0%
N Shore
0%
N View
0%
Nw 10th
0%
Nw 11th
0%
Nw 122nd
0%
Nw 123rd
0%
Nw 13th
0%
Nw 14th
0%
Nw 15th
0%
Nw 16th
0%
Nw 17th
0%
Nw 18th
0%
Nw 19th
0%
Nw 20th
0%
Nw 22nd
0%
Nw 23rd
0%
Nw 24th - Lincoln Airport (lnk)
0%
Nw 25th - Lincoln Airport (lnk)
0%
Nw 28th
0%
Nw 34th
0%
Nw 36th
0%
Nw 37th
0%
Nw 38th
0%
Nw 39th
0%
Nw 41st
0%
Nw 42nd
0%
Nw 43rd
0%
Nw 44th
0%
Nw 45th
0%
Nw 46th
0%
Nw 47th
0%
Nw 49th
0%
Nw 50th
0%
Nw 51st
0%
Nw 52nd
0%
Nw 53rd
0%
Nw 54th
0%
Nw 55th
0%
Nw 57th
0%
Nw 58th
0%
Nw 7th
0%
Nw 8th
0%
Nw 9th
0%
Nw Ash
0%
Nw Bewley
0%
Nw Boxwood
0%
Nw Chambers
0%
Nw Columbine
0%
Nw Conifer
0%
Nw Cuming
0%
Nw Dahlia
0%
Nw Darkwood
0%
Nw Ebony
0%
Nw Faesy
0%
Nw Fairway
0%
Nw Fairwood
0%
Nw Flader
0%
Nw Gary
0%
Nw Gum
0%
Nw Lime
0%
Nw Magnolia
0%
Nw Michael
0%
Nw Nutwood
0%
Nw Orange
0%
Nw Palm
0%
Nw Pemberly
0%
Nw Quincy
0%
Nw Satinwood
0%
Nw Tudor
0%
Oak
0%
Oakcreek
0%
Oakdale
0%
Oak - Lincoln Airport (lnk)
0%
Oakmont
0%
Oakridge
0%
Oaks Hollow
0%
Oakville
0%
Oakwood
0%
ockwell
0%
Odessa
0%
Ogden
0%
O'hanlon
0%
Old Creek
0%
Old Dairy
0%
Old Dominion
0%
Old Farm
0%
Old Glory
0%
Oldham
0%
Old Lodge
0%
Old Post
0%
Olivia
0%
O'malley
0%
onebrook
0%
onecliffe
0%
one Creek Loop
0%
one Creek Loop N
0%
one Creek Loop S
0%
one Gate
0%
O'neil
0%
onewall
0%
ony Hill
0%
ony Rapids Bay
0%
ony Ridge
0%
Onyx
0%
Orchard
0%
Orcutt E
0%
Orcutt S
0%
Orcutt W
0%
O reet
0%
Oregon Trail
0%
O Reilly
0%
O'rourke
0%
Orwell
0%
Osage
0%
O'shea
0%
Oshel
0%
Osullivan
0%
Oxford
0%
Pablo
0%
Pace
0%
Pacific
0%
Pagoda
0%
Palace
0%
Palmetto
0%
Palmilla
0%
Palomino
0%
Parducci
0%
Park
0%
Park Crest
0%
Parkridge
0%
Parkside
0%
Park Vale
0%
Parkview
0%
Park Vista
0%
Patmore
0%
Patterson
0%
Paul
0%
Paxton
0%
Peach
0%
Pear
0%
Pearle
0%
Pebble Beach
0%
Pebblebrook
0%
Pecos
0%
Peggy
0%
Pegram
0%
Pela Verde
0%
Pelican Bay
0%
Pennsylvania
0%
Penrose
0%
Pepper
0%
Peregrine
0%
Perkins
0%
Perry
0%
Pester Ridge
0%
Petersburg
0%
Phares
0%
Pheasant Ridge
0%
Pheasant Run
0%
Philadelphia
0%
Phillips
0%
Phoenix
0%
Piazza Terrace
0%
Piccadilly
0%
Piedmont
0%
Pier 1
0%
Pier 2
0%
Pier 3
0%
Pierce
0%
Pike
0%
Pinecrest
0%
Pinedale
0%
Pinehill
0%
Pine Ridge
0%
Pine Tree
0%
Pinewood
0%
Pinoak
0%
Pioneer Green
0%
Pioneer Greens
0%
Pioneer Woods
0%
Piper
0%
Pointe
0%
Ponca
0%
Pond
0%
Ponderosa
0%
Pony Hill
0%
Poplar
0%
Porter
0%
Porter Ridge
0%
Portia
0%
Portsche
0%
Possum
0%
Potomac
0%
Potter
0%
Pow Wow
0%
Prairie
0%
Prairie Hill
0%
Prairie Rim
0%
Prairieview
0%
Prairie Village
0%
Preamble
0%
Prescott
0%
Preserve
0%
Preston
0%
Prestwick
0%
Prince
0%
Princess Margaret
0%
Progressive
0%
Prospect
0%
Pub
0%
Pueblo
0%
Puritan
0%
Purple Heart Hwy
0%
Quail Ridge
0%
Quarter Horse
0%
Queens
0%
Radcliff
0%
raffan
0%
Rainbow
0%
Rainier
0%
Rainy River
0%
Rainy River Bay
0%
Raleigh
0%
Ramona
0%
Ramsey
0%
Rancho
0%
Ranchview
0%
Ranger
0%
Raspberry
0%
ratford
0%
Rathbone
0%
rauss
0%
Raven
0%
Raven Oaks
0%
Ravenwood
0%
Raymond
0%
Rebel
0%
Red Bird
0%
Red Deer
0%
Red Oak
0%
Red Rock
0%
Redstone
0%
Red Tail
0%
Redwood
0%
Regency
0%
Regent
0%
Regina
0%
Remi
0%
Renatta
0%
Rentfro
0%
Rent Worth
0%
Revere
0%
Rexford
0%
Richard
0%
Richard Leyden
0%
Richmond
0%
Ricky
0%
Ridge
0%
Ridgehaven
0%
Ridge Line
0%
Ridgeline
0%
Ridge Park
0%
Ridge Point
0%
Ridgeview
0%
Ridgeway
0%
Rifle
0%
Ringneck
0%
Ripley
0%
Riviera
0%
Road 18
0%
Road 386
0%
Road 388
0%
Road A
0%
Roanoke
0%
Robbers Cave
0%
Robert
0%
Robin
0%
Rock Cliff
0%
Rockford
0%
Rockhurst
0%
Rock Island Trail
0%
Rockland
0%
Rockledge
0%
Rockwood
0%
Rocky Ridge
0%
Rodeo
0%
Rogers
0%
Rogers Memorial
0%
Rolf
0%
Rolling Hills
0%
Rome
0%
Roose
0%
Rosa Parks
0%
Rose
0%
Rosebriar
0%
Rosebud
0%
Rose Hill
0%
Roselyn Terrace
0%
Rosewood
0%
Round Hill
0%
Royal
0%
Rte 6
0%
Ruby
0%
Russell
0%
Russwood
0%
Rusty
0%
Rutherford
0%
Rutland
0%
Rutledge
0%
Ryley
0%
Ryons
0%
ry - University Of Nebraska-lincoln
0%
S 105th
0%
S 112th
0%
S 114th
0%
S 13th
0%
S 17th
0%
S 18th
0%
S 19th
0%
S 20th
0%
S 21st
0%
S 22nd
0%
S 23rd
0%
S 24th
0%
S 26th
0%
S 28th
0%
S 29th
0%
S 2nd
0%
S 30th
0%
S 31st
0%
S 32nd
0%
S 34th
0%
S 35th
0%
S 36th
0%
S 37th
0%
S 38th
0%
S 39th
0%
S 41st
0%
S 42nd
0%
S 43rd
0%
S 44th
0%
S 45th
0%
S 47th
0%
S 49th
0%
S 4th
0%
S 50th
0%
S 51st
0%
S 52nd
0%
S 53rd
0%
S 55th
0%
S 57th
0%
S 58th
0%
S 59th
0%
S 5th
0%
S 60th
0%
S 61st
0%
S 62nd
0%
S 63rd
0%
S 64th
0%
S 65th
0%
S 67th
0%
S 68th
0%
S 69th
0%
S 6th
0%
S 70th
0%
S 71st
0%
S 72nd
0%
S 73rd
0%
S 74th
0%
S 75th
0%
S 76th
0%
S 77th
0%
S 78th
0%
S 79th
0%
S 7th
0%
S 80th
0%
S 81st
0%
S 83rd
0%
S 85th
0%
S 86th
0%
S 87th
0%
S 88th
0%
S 89th
0%
S 8th
0%
S 90th
0%
S 91st
0%
S 93rd
0%
S 94th
0%
S 95th
0%
S 96th
0%
S 97th
0%
S 9th
0%
Saddle Creek Trail
0%
Saddle View
0%
Sage
0%
Sailside
0%
Salida
0%
Saline
0%
Salisbury
0%
Salt Creek
0%
Salt Creek Roadway
0%
Saltgrass
0%
Salt Valley Roadway
0%
Salt Valley View
0%
San Agustin
0%
Sanborn
0%
Sandford
0%
Sandhills
0%
Sandstone
0%
San Juan
0%
San Mateo
0%
Santa Monica
0%
Santa Rosa
0%
Sante Fe Trail
0%
Saratoga
0%
Sardius
0%
Saunders
0%
Savannah
0%
Sawgrass
0%
Saybrook
0%
Saylor
0%
S Bennington
0%
S Bermuda
0%
S Brandt
0%
S Bristolwood
0%
S Canterbury
0%
Scarborough
0%
Scenic
0%
S Cherrywood
0%
Schmieding
0%
School House
0%
Schooner
0%
Schweitzer
0%
S Coddington
0%
Scotch Pine Trail
0%
S Cotner
0%
Scott
0%
Scottsdale
0%
S Dove
0%
Sea Mountain
0%
Sedalia
0%
S Eldora
0%
Sequoia
0%
Serenity
0%
Serra
0%
Seth
0%
Seward
0%
Sewell
0%
S Face
0%
S Folsom
0%
S Gate
0%
Shadowbrook
0%
Shadow Pine
0%
Shadow Pines
0%
Shadow Ridge
0%
Shady Creek
0%
Shady Hollow
0%
S Hampton
0%
Shamrock
0%
Shaunte
0%
S Hazelwood
0%
Sheldon
0%
Shelley
0%
Shenandoah
0%
Shirl
0%
Shirley
0%
Shooting ar
0%
S Hope
0%
Shore Front
0%
Short
0%
Showers
0%
Sicily
0%
Sierra
0%
Silver Brook
0%
Silverfox
0%
Silver Oak
0%
Silver Ridge
0%
Silverthorn
0%
Simi
0%
Sinclair
0%
Sissel
0%
S Knights
0%
Sky Bright
0%
Skyhawk
0%
Skylark
0%
Skyline
0%
Skyway
0%
S Mockingbird
0%
Smoke Tree Hollow
0%
Smoky Hill
0%
Snowberry
0%
Somerset
0%
Sonatta
0%
Sonora
0%
Southdale
0%
Southern Light
0%
Southfork
0%
Southgate
0%
Southhaven
0%
Southpark
0%
Southridge
0%
Southview
0%
Southwood
0%
S Pass
0%
Speedway
0%
Speidel
0%
S Pershing
0%
Splitrail
0%
Springfield
0%
Spring Meadow
0%
Spruce
0%
Spur
0%
Spyglass
0%
S Richland
0%
S Ridge
0%
S Summit
0%
S Tularosa
0%
Sugarberry
0%
Sugar Creek
0%
Sumac
0%
Summerset
0%
Summit
0%
Sumner
0%
Sunbeam
0%
Sunburst
0%
Sundance
0%
Sun Down Crossing
0%
Sunlight
0%
Sunny Hill
0%
Sunny Slope
0%
Sunridge
0%
Sunrise
0%
Sunset
0%
Sun Valley
0%
Surfside
0%
Surrey
0%
Susan
0%
Sussex
0%
Sw 10th
0%
Sw 11th
0%
Sw 126th
0%
Sw 12th
0%
Sw 13th
0%
Sw 14th
0%
Sw 15th
0%
Sw 16th
0%
Sw 17th
0%
Sw 18th
0%
Sw 19th
0%
Sw 1st
0%
Sw 20th
0%
Sw 21st
0%
Sw 22nd
0%
Sw 23rd
0%
Sw 24th
0%
Sw 25th
0%
Sw 26th
0%
Sw 27th
0%
Sw 30th
0%
Sw 31st
0%
Sw 32nd
0%
Sw 34th
0%
Sw 35th
0%
Sw 36th
0%
Sw 37th
0%
Sw 38th
0%
Sw 39th
0%
Sw 41st
0%
Sw 45th
0%
Sw 47th
0%
Sw 50th
0%
Sw 5th
0%
Sw 6th
0%
Sw 70th
0%
Sw 74th
0%
Sw 78th
0%
Sw 80th
0%
Sw 89th
0%
Sw 8th
0%
Sw 92nd
0%
Sw 9th
0%
Sw Craig Dodge
0%
S Wedge
0%
S Wedgewood
0%
Sweetbriar
0%
S Windlesham
0%
Swing
0%
Switchback
0%
Sw Jordan
0%
Sw Lacey
0%
Sw Paul Whitehead
0%
Sw Soukup
0%
Sw Woodberry
0%
Sycamore
0%
Talbot Trail
0%
Taliesin
0%
Tallgrass
0%
Talon
0%
Tamarin Ridge
0%
Tamarisk
0%
Tangeman Terrace
0%
Tanglewood
0%
Tara Hill
0%
Taylor Park
0%
Teal
0%
Technology
0%
Telluride
0%
Tempe
0%
Tennyson
0%
Teri
0%
Terrace
0%
Teton
0%
Thayer
0%
The Knolls
0%
Theresa
0%
Thies Cove
0%
Thistle
0%
Thomas
0%
Thomasbrook
0%
Thomasville
0%
Thompson Creek
0%
Thorn
0%
Thornton
0%
Thornview
0%
Thornwood
0%
Thunder Bay
0%
Thunderbird
0%
Thurston
0%
Ticonderoga
0%
Tierra
0%
Tiffany
0%
Tihen
0%
Timberline
0%
Timber Ridge
0%
Timberview
0%
Timothy
0%
Tipperary Trail
0%
Tobie
0%
Tony
0%
Topaz
0%
Torchlight
0%
Torreys
0%
Touzalin
0%
Tower
0%
Traffic Zone Boundary
0%
Trail Ridge
0%
Tranquility
0%
Travis
0%
Trelawney
0%
Trendwood
0%
Trenridge
0%
Trevor
0%
Trimble
0%
Trinidad
0%
Troon
0%
Tropp Ridge
0%
Trotter
0%
Truchard
0%
Tucson
0%
Turnberry
0%
Turner
0%
Turtle Creek
0%
Tuscan
0%
Twin Oaks
0%
Twinoaks
0%
Twin Ridge
0%
um
0%
um Creek
0%
umridge
0%
umwood
0%
Union
0%
Union Hill
0%
University Terrace - University Of Nebraska-lincoln
0%
Upton Grey
0%
Urbana
0%
U.s. 34
0%
Valley
0%
Valley Forge
0%
Valley ream
0%
Valley View
0%
Vanderslice
0%
Vandervoort
0%
Vavak
0%
Vavrina
0%
Vegas
0%
Venice
0%
Venture
0%
Vermaas
0%
Viburnum
0%
Victoria
0%
Viewpoint
0%
Village
0%
Vine Cliff
0%
Virginia
0%
W Adams
0%
Wagon
0%
Walker
0%
W allion
0%
W Allison
0%
Walnut
0%
Waltz
0%
W anton
0%
W Apricot
0%
W Arabian
0%
Warlick
0%
W Arlington
0%
Warwick
0%
W Ashley
0%
Waterbury
0%
Watercress
0%
Waterford
0%
Waterford Estates
0%
Waterfront
0%
Water Tower
0%
Waterview
0%
W Aurora
0%
Waverly
0%
W Avon
0%
W B
0%
W Beal
0%
W Belmont
0%
W Benelli
0%
W Benton
0%
W Billy
0%
W Bond
0%
W Britt
0%
W Brixton
0%
W Broadview
0%
W Bucks
0%
W Buckthorn
0%
W Burgess
0%
W Burnham
0%
W Burr Oaks
0%
W Burt
0%
W Butler
0%
W C
0%
W Cademon
0%
W Calvert
0%
W Cardwell
0%
W Carnoustie
0%
W Carrine
0%
W Carver
0%
W Cavalry
0%
W Chadderton
0%
W Champion
0%
W Chanceler
0%
W Chancery
0%
W Charles Hall
0%
W Charleston
0%
W Chesapeake
0%
W Chitwood
0%
W Claire
0%
W Cleveland
0%
W Commerce
0%
W Commodore
0%
W Condor
0%
W Cornhusker Hwy
0%
W Cove
0%
W Craw
0%
W Cuming
0%
W Custer
0%
W D
0%
W Dawes
0%
W Derek
0%
W Dilin
0%
W Douglas
0%
W Dunraven
0%
W easant Hill
0%
Weaver
0%
Webster
0%
Weeks
0%
Weeping Willow
0%
W Elba
0%
W Elgin
0%
Wells
0%
Wemesha
0%
Wemsha
0%
Wendell
0%
Wendover
0%
Wenzel
0%
Wesley
0%
Westbrook
0%
Westgate
0%
Westland
0%
Westminster
0%
Westmont
0%
Westpark
0%
Westward
0%
W F
0%
W Fairfield
0%
W Foothills
0%
W Foreman
0%
W Furnas - Lincoln Airport (lnk)
0%
W Furrer
0%
W G
0%
W Garber
0%
W Garfield
0%
W Gary Gately
0%
W Godfrey
0%
W Goodwin
0%
W Gourley
0%
W Grand
0%
W Grassland
0%
W Greenfield
0%
W Greenlief - Lincoln Airport (lnk)
0%
W Harbour
0%
W Harvest
0%
W Haven
0%
W Helen
0%
W High
0%
W Highland
0%
W High Ridge
0%
W Hill
0%
Whispering Wind
0%
White Cap Bay
0%
White Dove
0%
White Fish
0%
White Hall
0%
Whitehead
0%
Whitestone
0%
Whitetail
0%
Whitewater
0%
Whitlock
0%
Whitney
0%
Whittier
0%
W Holdrege
0%
W Hub Hall
0%
W Hughes
0%
W Humphrey
0%
W Huntington
0%
W Ickes
0%
Wildbriar
0%
Wildcat
0%
Wilderness Ridge
0%
Wilderness View
0%
Wilderness Woods
0%
Wildfire
0%
Wildrye
0%
Wildwood
0%
Wilkins
0%
Willard
0%
William
0%
Williamsburg
0%
Williamson
0%
Willow
0%
Willowbrook
0%
Willowhurst
0%
Willow Wood
0%
Wilshire
0%
Wimbledon
0%
Winchester N
0%
Winchester S
0%
Windflower
0%
Windhoek
0%
Winding
0%
Winding Creek
0%
Winding Ridge
0%
Windmill
0%
Wind River Trail
0%
Windsor
0%
W Industrial Lake
0%
Winfield
0%
Winthrop
0%
W irrup
0%
Wisteria
0%
Witham
0%
Witherbee
0%
W Jacaranda
0%
W Jean
0%
W Jennifer
0%
W Joel
0%
W Karwat
0%
W Katleman
0%
W Kearney
0%
W Keating
0%
W Kent
0%
W Kenton
0%
W Kingsley
0%
W Knight
0%
W Kyle
0%
W L
0%
W Laguna
0%
W Lake
0%
W Lakeshore
0%
W Leighton
0%
W Leon
0%
W Lombard
0%
W Loring
0%
W Ludwig
0%
W Luke
0%
W M
0%
W Madison
0%
W Manor
0%
W Mary Louise
0%
W Mathis
0%
W Mckelvie
0%
W Metzger
0%
W Michael
0%
W Millstone
0%
W Mockingbird
0%
W Morton
0%
W Mulberry
0%
W N
0%
W Nance
0%
W ockwell
0%
Wolff
0%
W Oliver
0%
W Olympic
0%
Woodbine
0%
Woodbridge
0%
Woodhaven
0%
Woodland
0%
Woodleigh
0%
Woodridge
0%
Woodscrest
0%
Woodsdale
0%
Woodsshire
0%
Woodstock
0%
Woodsview
0%
Woodthrush
0%
Woody Creek
0%
W Orleans
0%
Worthington
0%
W P
0%
W Paddock
0%
W Park
0%
W Partridge
0%
W Paul
0%
W Peach
0%
W Pershing
0%
W Prospector
0%
W Q
0%
W R
0%
W Ranger Ridge
0%
W Rebecca
0%
W Redberry
0%
W Remington
0%
Wren
0%
W Ridge
0%
W Ridgewood
0%
W Rio
0%
W Rodeo
0%
W Rokeby
0%
W Rose
0%
W Roxbury
0%
W Royal Doroch
0%
W Ryons
0%
W Saddlehorn
0%
W Sally
0%
W Saltillo
0%
W Sandpiper
0%
W Saunders
0%
W Set Aside
0%
W Seward
0%
W Sewell
0%
W Shore
0%
W Silver Bell
0%
W Songbird
0%
W South
0%
W Sparrow
0%
W Springview
0%
W Summit
0%
W Sumner
0%
W Superior
0%
W Switchgrass
0%
W Thatcher
0%
W Timberlake
0%
W Todd
0%
W Treehaven
0%
W um
0%
W Upland
0%
W Vale
0%
W Vance
0%
W Van Dorn
0%
W View
0%
W Vine
0%
W Vista
0%
W Vosler
0%
W Walin
0%
W Walker
0%
W Washington
0%
W Webster
0%
W Welter
0%
W Wendy
0%
W Whisperwood
0%
W Wilkins
0%
W Windridge
0%
W Winfield
0%
W Winners
0%
Wyman
0%
Wyndam
0%
W Zeamer
0%
Xavier
0%
Yancy
0%
Yankee Woods
0%
yden
0%
Yellow Knife
0%
Yellowstone
0%
ymouth
0%
Yolande
0%
York
0%
Yorkshire
0%
Yorktown
0%
Yosemite
0%
Yukon
0%
Yuma
0%
Zachary
0%
Zermatt
0%
No matching quizzes found
Score Distribution
Percent of People with Each Score
Percentile by Number Answered
Your Score History
You have not taken this quiz